Statistics for Prime Ministers

Click here to take the quiz!

General Stats

  • This quiz has been taken 27 times
  • The average score is 14 of 18

Answer Stats

AnswerHint% Correct
Boris Johnson2019-Now
100%
Theresa May2016-19
100%
Winston Churchill1940-45/1951-55
100%
Margaret Thatcher1979-90
96%
Gordon Brown2007-10
92%
Tony Blair1997-2007
92%
David Cameron2010-16
88%
John Major1990-97
88%
Neville Chamberlain1937-40
88%
Harold Wilson1964-70/1974-76
73%
Edward Heath1970-74
65%
James Callaghan1976-79
65%
Clement Attlee1945-51
62%
Alec Douglas-Home1963-64
54%
Anthony Eden1955-57
54%
Harold Macmillan1957-63
50%
Stanley Baldwin1923-24/1924-29/1935-37
50%
Ramsay MacDonald1924-24/1929-35
42%

Score Distribution

Percentile by Number Answered

Percent of People with Each Score

Your Score History

You have not taken this quiz